000 00629nam a22002172 4500
001 0000006169
005 20151217154358.0
008 070921s xx 000 0 eng d
020 _a0130225746 :
040 _aKABU
_cKABU
100 1 _aMcClave, James T.
_@0000157563
245 1 0 _aStatistics /
_cJames McClave, Terry Sincich.
250 _a8th ed.
260 _aUpper Saddle, River, NJ :
_bPrentice Hall,
_c2000.
300 _axxiii, 848 p.
650 0 _aStatistics.
_@0000149871
700 1 _aSincich, Terry.
_@0000157564
908 _a070921
950 _@1
999 _c10881
_d10881